000 00377nam a22001337a 4500
008 230731b xxu||||| |||| 00| 0 eng d
020 _a9241602720
082 _a362.1
_bWHO 1987
245 _aEvaluation of the Stategy for Health for all by the Year 2000
_bSeventh Report on Word Health Situation
260 _bWHO
_c1987
300 _aXII,248p
440 _v2
942 _2ddc
_cBK
999 _c4015
_d4015